| 000 | 00627nam a2200205 a 4500 | ||
|---|---|---|---|
| 005 | 20240924065455.0 | ||
| 008 | 991125s1989 bar 000 0 spa u | ||
| 020 | _a8427013221 | ||
| 035 | _aUPN01000049488 | ||
| 049 | _aCG | ||
| 050 | 4 |
_aBF575 E53 _bS2.6 |
|
| 100 | 1 | _aSalvatierra Mateu, Vicente | |
| 245 | 1 | 0 |
_aPsicobiología del embarazo y sus trastornos / _cVicente Salvatierra Mateu. |
| 260 |
_aBarcelona, Esp. : _bMartínez Roca, _c1989. |
||
| 300 | _a211 p. | ||
| 440 | 0 |
_aBiblioteca de psicología, psiquiatría y salud. _pSalud 2000 |
|
| 650 | 2 |
_aEmbarazo _913356 |
|
| 650 | 4 |
_aEMBRIOLOGIA _920928 |
|
| 905 | _aLibro | ||
| 999 |
_c49488 _d49488 |
||